El rol de la criminología para la seguridad en la sociedad contemporánea (Registro nro. 9665)
[ vista simple ]
| 000 -Cabecera | |
|---|---|
| Campo de control de longitud fija | 01033nam a22003737a 4500 |
| 005 - Fecha y hora de la última transacción | |
| Campo de control | 20260227161458.0 |
| 008 - Elementos de longitud fija--Información general | |
| Campo de control de longitud fija | 170724b2014 xxu||||| |||| 00| 0 spa d |
| 020 ## - International Standard Book Number | |
| Número Internacional Estándar del Libro (ISBN) | 9788490850800 |
| 041 ## - Idioma | |
| Código de idioma | Español |
| 082 ## - Clasificación Decimal Dewey | |
| Número de clasificación | 364 S487r |
| 100 ## - Entrada principal--Autor personal | |
| Nombre personal | Serrano Tárraga, María Dolores |
| 9 (RLIN) | 43501 |
| 245 ## - Título propiamente dicho | |
| Título | El rol de la criminología para la seguridad en la sociedad contemporánea |
| 260 ## - Pie de imprenta | |
| Lugar de publicación, distribución, etc. | España |
| 260 ## - Pie de imprenta | |
| Nombre del editor, distribuidor, etc. | Dykinson |
| 260 ## - Pie de imprenta | |
| Fecha de publicación, distribución, etc. | 2014 |
| 300 ## - Descripción física | |
| Extensión | 468 páginas |
| 490 ## - Serie | |
| Título de la Serie | Investigación Criminal |
| 650 ## - Materia general | |
| Temática (materia general) | CRIMINOLOGÍA |
| 650 ## - Materia general | |
| Temática (materia general) | SEGURIDAD CIUDADANA |
| 650 ## - Materia general | |
| Temática (materia general) | POLÍTICA CRIMINAL |
| 650 ## - Materia general | |
| Temática (materia general) | DERECHO PENAL |
| 650 ## - Materia general | |
| Temática (materia general) | ORÍGENES DE LA CRIMINOLOGÍA |
| 650 ## - Materia general | |
| Temática (materia general) | CRIMINALIDAD |
| 650 ## - Materia general | |
| Temática (materia general) | MEDIO URBANO |
| 650 ## - Materia general | |
| Temática (materia general) | MEDIO RURAL |
| 650 ## - Materia general | |
| Temática (materia general) | CORRELATOS DEL DELITO |
| 650 ## - Materia general | |
| Temática (materia general) | DELINCUENCIA |
| 650 ## - Materia general | |
| Temática (materia general) | ALCOHOLISMO |
| 650 ## - Materia general | |
| Temática (materia general) | ESTUPEFACIENTES |
| 650 ## - Materia general | |
| Temática (materia general) | CORRIENTES CRIMINOLOGICAS |
| 650 ## - Materia general | |
| Temática (materia general) | CRIMINOLOGÍA ECONÓMICA |
| 650 ## - Materia general | |
| Temática (materia general) | PANORAMA ACTUAL |
| 942 ## - Punto de acceso adicional KOHA | |
| Tipo de ítem KOHA | Libro |
| Fuente del sistema de clasificación o colocación | Dewey Decimal Classification |
| Signatura completa | Código de barras | Programa Académico | Tipo de ítem |
|---|---|---|---|
| 364 S487r | 22388 | Investigación Criminal | Libro |
| 364 S487r | 23350 | Gestión de Calidad | Libro |